000 00377pab a2200145 454500
008 180718b2005 xxu||||| |||| 00| 0 eng d
100 _aEric, Neumayer
245 _aIs the allocation of food aid free from donor interest bias?
260 _c2005
300 _ap.394-411.
362 _aApr
650 _aFood aid
773 _aJournal of Development Studies
909 _a65337
999 _c65337
_d65337